Дело по рапорту костюмера Вуато о сделанных им в 1844 году костюмах и о ревизии вообще гардероба

Доступно только в Электронных читальных залах Найти на картеНа карте
RUSMARC
00003732nmc2a22000003x 450
001b1aab576-428e-4e51-9a5c-5a7595f18b9f
00520181225014547.0
100##$a20170623l18451845k l0rusy0189 ca
1010#$arus
102##$aRU
2001#$aДело по рапорту костюмера Вуато о сделанных им в 1844 году костюмах и о ревизии вообще гардероба
$j2 марта - 14 апреля 1845 г.
251##$cДело
300##$aПо Московской дирекции за 1845 год
300##$aДело
801#0$aRU
$bРГИА
$c20170623
$gRCR
801#1$aRU
$bГлавНИВЦ
$c20170623
$2rusmarc
801#2$aRU
$bПБ им. Б.Н. Ельцина
$c20181225
$gRCR
$2rusmarc
850##$aРГИА
852##$aРГИА
$eФедеральное казенное учреждение "Российский государственный исторический архив" (РГИА)
$j10591
937##$hРГИА
$d12245560
$aASBIBLIO_SCAN
462#0$1001dd3991dc-24e1-42ec-8838-ca4255420416
$12001
$a1746-1850 гг.
$1251
$cОпись
$1852
$j1
461#0$10019264ebf8-de62-4f1a-9eb4-9f22098dbbd5
$12001
$aДирекция императорских театров МИДв
$1251
$cФонд
$1852
$j497
215##$a22 л.
$d36,5х26 см
371##$aДокумент не является опубликованным и широко распространяемым
105##$ay###
1222#$ad
035##$ab1aab576-428e-4e51-9a5c-5a7595f18b9f
856##$uhttp://readingroom.main.prlib.ru/item.aspx?id_node=n122309720&mode=full
Формат отображения